Fabrikbuchhaltung und Kalkulation Aufgabensammlung

Uložené v:
Podrobná bibliografia
Médium: Kniha
Jazyk:German
Vydavateľské údaje: Zürich Verlag des Schweiz-Kaufmännischen Vereins 1946
Tagy: Pridať tag
Žiadne tagy, Buďte prvý, kto otaguje tento záznam!

MARC

LEADER 00000nam a2200000 4500
001 0267821
005 20240822101710.6
041 0 |a ger 
044 |a CH 
245 1 0 |a Fabrikbuchhaltung und Kalkulation  |b Aufgabensammlung 
264 1 |a Zürich  |b Verlag des Schweiz-Kaufmännischen Vereins  |c 1946